[Event "Chigorin Memorial"]
[Site "St Petersburg"]
[Date "2016.10.21"]
[Round "7.74"]
[White "Malinovsky, Ilya"]
[Black "Tishova, Svetlana"]
[Result "0-1"]
[WhiteElo "2053"]
[BlackElo "2317"]
[PlyCount "102"]
[EventDate "2016.10.15"]
[EventType "swiss"]
[EventRounds "9"]
[EventCountry "RUS"]

1. e4 c6 2. d4 d5 3. exd5 cxd5 4. Bd3 Nc6 5. Ne2 Bg4 6. f3 Bh5 7. c3 Bg6 8.
Bxg6 hxg6 9. Bf4 Nf6 10. Qb3 Qd7 11. Ng3 e6 12. Nd2 Na5 13. Qc2 Bd6 14. Ne2
Bxf4 15. Nxf4 Qc7 16. g3 g5 17. Nd3 Nh5 18. O-O-O Rc8 19. Ne5 Nc6 20. Nxc6 Qxc6
21. Nb3 b6 22. Qd2 f6 23. f4 g4 24. f5 exf5 25. Qd3 g6 26. Nd2 Kf7 27. h3 Qd6
28. hxg4 fxg4 29. Qa6 Rc7 30. Nf1 Re8 31. Qd3 Kg7 32. Rh4 Qe6 33. Qb5 Rce7 34.
Qd3 Qe4 35. Rh2 Qxd3 36. Rxd3 Re1+ 37. Rd1 f5 38. Kd2 Rxf1 39. Rxf1 Nxg3 40.
Rg1 Ne4+ 41. Kc2 g3 42. Rh4 g5 43. Rxe4 Rxe4 44. Rxg3 Kg6 45. Kd3 f4 46. Rg1
Re3+ 47. Kd2 Kf5 48. b3 b5 49. Rh1 Re7 50. Rh8 f3 51. Rd8 Kg4 0-1

[Event "Chigorin Memorial"]
[Site "St Petersburg"]
[Date "2016.10.21"]
[Round "7.75"]
[White "Demianjuk, Alexander"]
[Black "Tskhadadze, Anna"]
[Result "1-0"]
[WhiteElo "2302"]
[BlackElo "1955"]
[PlyCount "91"]
[EventDate "2016.10.15"]
[EventType "swiss"]
[EventRounds "9"]
[EventCountry "RUS"]

1. d4 d5 2. Bf4 e6 3. e3 Nf6 4. Bd3 c5 5. c3 Nc6 6. Nd2 Bd6 7. dxc5 Bxc5 8.
Ngf3 O-O 9. O-O h6 10. Qe2 Re8 11. Ne5 Nxe5 12. Bxe5 Bd6 13. Bxd6 Qxd6 14. c4
b6 15. e4 Qf4 16. e5 Nd7 17. Rfe1 Bb7 18. g3 Qg5 19. f4 Qe7 20. cxd5 Bxd5 21.
Be4 Qc5+ 22. Qe3 Bxe4 23. Nxe4 Qxe3+ 24. Rxe3 Rec8 25. Rd1 Nc5 26. Nd6 Rc7 27.
Rc3 Rd7 28. Rdc1 a5 29. Kf2 Rad8 30. Ke3 Kf8 31. Rd1 Na6 32. Rc6 Nb4 33. Rxb6
Nd5+ 34. Rxd5 exd5 35. Kd4 Rc7 36. Kxd5 Rc2 37. Rb7 Kg8 38. Ke4 Rxh2 39. Nxf7
Rdd2 40. e6 Rxb2 41. Rd7 Rbd2 42. Ne5 Kf8 43. Rf7+ Kg8 44. e7 Rhe2+ 45. Kf3
Rxe5 46. Rf8+ 1-0

[Event "Chigorin Memorial"]
[Site "St Petersburg"]
[Date "2016.10.21"]
[Round "7.76"]
[White "Lepaev, Andrey"]
[Black "Vokhidov, Shamsiddin"]
[Result "0-1"]
[WhiteElo "1935"]
[BlackElo "2366"]
[PlyCount "40"]
[EventDate "2016.10.15"]
[EventType "swiss"]
[EventRounds "9"]
[EventCountry "RUS"]

1. d4 Nf6 2. c4 e6 3. g3 Bb4+ 4. Bd2 a5 5. Bg2 d6 6. e4 e5 7. d5 Nbd7 8. Bxb4
axb4 9. Nd2 Nc5 10. Qc2 b5 11. Ne2 bxc4 12. O-O O-O 13. Nxc4 Rxa2 14. Rxa2 b3
15. Qc3 bxa2 16. f3 Qd7 17. Qa5 Ba6 18. Qxa2 Qb5 19. Rc1 Nd3 20. Rc3 Qc5+ 0-1

[Event "Chigorin Memorial"]
[Site "St Petersburg"]
[Date "2016.10.21"]
[Round "7.77"]
[White "Yashmetov, Mikhail"]
[Black "Korchagina, Viktoria"]
[Result "1-0"]
[WhiteElo "2359"]
[BlackElo "2126"]
[PlyCount "69"]
[EventDate "2016.10.15"]
[EventType "swiss"]
[EventRounds "9"]
[EventCountry "RUS"]

1. d4 Nf6 2. Nc3 e6 3. e4 d5 4. Bg5 Be7 5. e5 Nfd7 6. Bxe7 Qxe7 7. f4 a6 8. Qd2
c5 9. Nf3 Nc6 10. O-O-O cxd4 11. Nxd4 Nxd4 12. Qxd4 b5 13. Bd3 b4 14. Ne2 a5
15. g4 Ba6 16. Bxa6 Rxa6 17. Ng3 O-O 18. Ne4 Nxe5 19. Qxe5 dxe4 20. Qxe4 Qc5
21. Rd4 Rb6 22. Rhd1 a4 23. Rd8 Rb8 24. Qd4 Qa5 25. Rxf8+ Rxf8 26. Qc4 Qb6 27.
h4 a3 28. Rd4 Rb8 29. b3 Qb7 30. g5 Qf3 31. Qd3 Qh1+ 32. Qd1 Qa8 33. h5 h6 34.
g6 f6 35. Rd7 1-0

[Event "Chigorin Memorial"]
[Site "St Petersburg"]
[Date "2016.10.21"]
[Round "7.78"]
[White "Zaykov, Sergey"]
[Black "Dilmukhametov, Artur"]
[Result "0-1"]
[WhiteElo "2131"]
[BlackElo "2347"]
[PlyCount "154"]
[EventDate "2016.10.15"]
[EventType "swiss"]
[EventRounds "9"]
[EventCountry "RUS"]

1. Nf3 d5 2. c4 c6 3. b3 Nf6 4. Bb2 Bg4 5. g3 Nbd7 6. Bg2 Bxf3 7. Bxf3 e5 8.
cxd5 cxd5 9. O-O e4 10. Bg2 Bc5 11. Nc3 O-O 12. d4 Bd6 13. Rc1 a6 14. Qd2 b5
15. e3 Rc8 16. Rc2 Nb6 17. Bh3 Nfd7 18. Rfc1 f5 19. Ne2 Rxc2 20. Rxc2 b4 21.
Nf4 Rf6 22. Bf1 g5 23. Ng2 Nb8 24. Qc1 Qe7 25. Qd1 Kg7 26. f3 Rf8 27. Bc1 h6
28. Bd2 Qb7 29. Be1 Rc8 30. Rf2 Rf8 31. fxe4 dxe4 32. Bc4 Nd5 33. Qh5 Nd7 34.
Rf1 a5 35. Qe2 N7b6 36. g4 f4 37. exf4 Nxf4 38. Qc2 Nxc4 39. Nxf4 Bxf4 40. Qxc4
Be3+ 41. Bf2 Rxf2 42. Rxf2 Qd7 43. h3 Bxd4 44. Kf1 Bxf2 45. Kxf2 Qd2+ 46. Kg1
Qe3+ 47. Kg2 Qf3+ 48. Kg1 Qg3+ 49. Kf1 Qxh3+ 50. Ke1 Qg3+ 51. Kd2 Qf2+ 52. Kd1
Qg1+ 53. Kc2 Qxg4 54. Qc7+ Kg6 55. Qd6+ Kf5 56. Qf8+ Ke5 57. Qb8+ Kd5 58. Qb7+
Kd6 59. Qb6+ Ke7 60. Qc5+ Kf7 61. Qc7+ Kg6 62. Qd6+ Kh5 63. Qh2+ Qh4 64. Qe2+
g4 65. Qxe4 Qf2+ 66. Kc1 Qc5+ 67. Kd1 Kg5 68. Ke2 h5 69. Qd3 Qe5+ 70. Kd1 g3
71. Qc4 h4 72. Qg8+ Kh5 73. Qh7+ Kg4 74. Qb7 Qa1+ 75. Kd2 Qxa2+ 76. Ke1 Qf2+
77. Kd1 Qf3+ 0-1

[Event "Chigorin Memorial"]
[Site "St Petersburg"]
[Date "2016.10.21"]
[Round "7.79"]
[White "Maltsevskaya, Aleksandra"]
[Black "Golikov, Daniil"]
[Result "0-1"]
[WhiteElo "2319"]
[BlackElo "2114"]
[PlyCount "102"]
[EventDate "2016.10.15"]
[EventType "swiss"]
[EventRounds "9"]
[EventCountry "RUS"]

1. e4 e6 2. d4 d5 3. Nc3 Bb4 4. e5 Ne7 5. Bd2 b6 6. Qg4 Ng6 7. h4 h5 8. Qg3 Ba6
9. Bxa6 Nxa6 10. Qd3 Bxc3 11. bxc3 Nb8 12. Nf3 Nc6 13. Bg5 Qd7 14. O-O Na5 15.
Nd2 Ne7 16. Bxe7 Qxe7 17. f4 g6 18. g3 O-O 19. Kg2 Rac8 20. Rh1 Kg7 21. g4 hxg4
22. h5 Rh8 23. Qg3 Rxh5 24. Rxh5 gxh5 25. Rh1 Rh8 26. Nf3 Nc4 27. Nh4 Nd2 28.
f5 Qg5 29. f6+ Kh6 30. Qe1 Rg8 31. Qc1 Ne4 32. Qe1 Qd2+ 33. Qxd2+ Nxd2 34. Kg3
Kg5 35. Ng2 Ne4+ 36. Kh2 h4 37. Ne3 g3+ 38. Kg2 Nxc3 39. Kf3 Rh8 40. Ng2 Ne4
41. Nf4 Kf5 42. Nh3 Ng5+ 43. Nxg5 Kxg5 44. c3 c5 45. a4 cxd4 46. cxd4 Rc8 47.
a5 Rc3+ 48. Kg2 Kg4 49. Rb1 h3+ 50. Kh1 bxa5 51. Rf1 g2+ 0-1

[Event "Chigorin Memorial"]
[Site "St Petersburg"]
[Date "2016.10.21"]
[Round "7.80"]
[White "Musaev, Rasul"]
[Black "Baranov, Andrey"]
[Result "1-0"]
[WhiteElo "2312"]
[BlackElo "2121"]
[PlyCount "155"]
[EventDate "2016.10.15"]
[EventType "swiss"]
[EventRounds "9"]
[EventCountry "RUS"]

1. e4 e6 2. d4 b6 3. Bd3 Bb7 4. Nf3 Nf6 5. Qe2 d5 6. e5 Ne4 7. O-O c5 8. c3 h6
9. Be3 Nc6 10. a3 Be7 11. Ne1 g6 12. f3 Ng5 13. Qf2 cxd4 14. cxd4 h5 15. Nd2
Nh7 16. b4 a6 17. f4 Nf8 18. Rc1 Nd7 19. Qg3 Nf8 20. Nc2 Na7 21. Nb3 Qd7 22.
Qh3 Qa4 23. Nd2 Rc8 24. Nf3 Rc3 25. Nfe1 Bc6 26. Bd2 Rb3 27. Rf3 Rb2 28. Be2
Bb5 29. Bd1 Bc4 30. Ne3 Qd7 31. Nxc4 dxc4 32. Bc3 Ra2 33. Nc2 Nb5 34. Ba1 Nh7
35. Be2 Rxa1 36. Nxa1 Nxd4 37. Rf2 b5 38. Nc2 Nf5 39. Rd1 Qa7 40. Kf1 O-O 41.
g4 hxg4 42. Bxg4 Rd8 43. Rxd8+ Bxd8 44. Bxf5 exf5 45. Qh6 Be7 46. Rg2 Bf8 47.
Qh3 Qd7 48. Qf3 Bg7 49. h4 Nf8 50. Ke1 Ne6 51. h5 gxh5 52. Rd2 Qa7 53. Kf1 a5
54. bxa5 Qxa5 55. Nb4 Qa4 56. Nd5 c3 57. Qxc3 Qe4 58. Qg3 Qb1+ 59. Kf2 h4 60.
Nf6+ Kf8 61. Qc3 Bxf6 62. exf6 Kg8 63. Qc8+ Kh7 64. Qe8 Kg6 65. Qg8+ Kxf6 66.
Qh8+ Kg6 67. Qxh4 Qe4 68. Kg1 Nxf4 69. Rd6+ Ne6 70. Qxe4 fxe4 71. Rb6 Kf5 72.
Rxb5+ Kf4 73. a4 Nd4 74. Rb6 f5 75. a5 e3 76. a6 Kg3 77. a7 f4 78. a8=Q 1-0

[Event "Chigorin Memorial"]
[Site "St Petersburg"]
[Date "2016.10.21"]
[Round "7.81"]
[White "Martynov, Roman"]
[Black "Protopopova, Anastasiya"]
[Result "1-0"]
[WhiteElo "2307"]
[BlackElo "2082"]
[PlyCount "87"]
[EventDate "2016.10.15"]
[EventType "swiss"]
[EventRounds "9"]
[EventCountry "RUS"]

1. d4 Nf6 2. c4 e6 3. g3 Bb4+ 4. Bd2 Be7 5. Bg2 d5 6. Nf3 c6 7. Qc2 O-O 8. O-O
b6 9. Rd1 Ba6 10. b3 Nbd7 11. a4 c5 12. Na3 Qc8 13. Qb2 Ne4 14. Be1 Bf6 15.
Rac1 Qb7 16. cxd5 exd5 17. b4 Qc8 18. Ne5 Qe8 19. Qa2 cxd4 20. Nc6 Ndc5 21.
Qxd5 Bb7 22. b5 Bxc6 23. bxc6 Rd8 24. Qc4 Qxc6 25. Nb5 Qd7 26. e3 Nd6 27. Nxd6
Qxd6 28. exd4 Ne6 29. d5 Nc5 30. Qb5 Rfe8 31. Bb4 Rc8 32. Bh3 a6 33. Qxa6 Qe5
34. Qb5 Rcd8 35. d6 Bg5 36. Rb1 Rf8 37. a5 Rxd6 38. Rxd6 Qxd6 39. axb6 Be7 40.
Re1 Rd8 41. Rxe7 Qxe7 42. Bxc5 Qb7 43. Bf1 Ra8 44. h3 1-0

[Event "Chigorin Memorial"]
[Site "St Petersburg"]
[Date "2016.10.21"]
[Round "7.82"]
[White "Askerov, Marat"]
[Black "Dmitriev, Vladimir"]
[Result "1-0"]
[WhiteElo "2299"]
[BlackElo "2081"]
[PlyCount "77"]
[EventDate "2016.10.15"]
[EventType "swiss"]
[EventRounds "9"]
[EventCountry "RUS"]

1. d4 d5 2. c4 c6 3. cxd5 cxd5 4. Bf4 Nf6 5. Nc3 e6 6. e3 Bd6 7. Bxd6 Qxd6 8.
Bd3 O-O 9. f4 a6 10. Nf3 b5 11. O-O Bb7 12. a3 Ne4 13. Qc2 f5 14. Bxe4 dxe4 15.
Ne5 Nd7 16. Rac1 Rac8 17. Qe2 Nb6 18. Kh1 Bd5 19. Rg1 Bc4 20. Qf2 Rc7 21. g4
Rfc8 22. gxf5 exf5 23. Rg5 Qf8 24. Rcg1 Nd5 25. Qh4 Qd8 26. Qh3 Nxc3 27. bxc3
Be2 28. Rxf5 Bf3+ 29. Nxf3 exf3 30. Qxf3 Rxc3 31. Rfg5 R8c7 32. Qg2 Qf8 33.
Qd5+ Kh8 34. Re5 h6 35. Qe4 Rc8 36. Rg6 Qxa3 37. Re7 Qc1+ 38. Rg1 Qc2 39. Qe5
1-0

[Event "Chigorin Memorial"]
[Site "St Petersburg"]
[Date "2016.10.21"]
[Round "7.83"]
[White "Ageichenko, Genadi A"]
[Black "Trapeznikova, Darya"]
[Result "0-1"]
[WhiteElo "2261"]
[BlackElo "2093"]
[PlyCount "80"]
[EventDate "2016.10.15"]
[EventType "swiss"]
[EventRounds "9"]
[EventCountry "RUS"]

1. e4 e5 2. Nf3 Nc6 3. Bb5 a6 4. Ba4 Nf6 5. O-O b5 6. Bb3 Bb7 7. d3 Bc5 8. c3
d6 9. a4 h6 10. Na3 O-O 11. Bd2 b4 12. Nc4 a5 13. Be3 Bxe3 14. fxe3 Re8 15. Qe1
Bc8 16. Nh4 Be6 17. Nf5 d5 18. exd5 Nxd5 19. Rd1 Qg5 20. Ng3 Rab8 21. Ne4 Qe7
22. Ncd2 bxc3 23. bxc3 Nxe3 24. Qxe3 Bxb3 25. Nxb3 Rxb3 26. Rf3 Reb8 27. Nf6+
Kf8 28. Nd5 Qd6 29. Qe4 Rb1 30. Rdf1 Rxf1+ 31. Rxf1 Qc5+ 32. Kh1 Kg8 33. Qf3
Nd8 34. c4 Rb3 35. h3 c6 36. Nc7 Qe7 37. Nd5 cxd5 38. Qxd5 Qc7 39. Re1 Nc6 40.
d4 Nxd4 0-1

[Event "Chigorin Memorial"]
[Site "St Petersburg"]
[Date "2016.10.21"]
[Round "7.84"]
[White "Krasovskiy, Sviatoslav"]
[Black "Lesovoi, Evgenij"]
[Result "0-1"]
[WhiteElo "2123"]
[BlackElo "2261"]
[PlyCount "72"]
[EventDate "2016.10.15"]
[EventType "swiss"]
[EventRounds "9"]
[EventCountry "RUS"]

1. c4 c5 2. Nc3 Nc6 3. g3 g6 4. Bg2 Bg7 5. Nf3 e6 6. d3 Nge7 7. Be3 b6 8. O-O
O-O 9. Rb1 d5 10. d4 cxd4 11. Nxd4 Bxd4 12. Bxd4 e5 13. Nxd5 Nxd4 14. Nxe7+
Qxe7 15. Bxa8 Bf5 16. e4 Bh3 17. Bd5 Qf6 18. Qd3 Nf3+ 19. Kh1 Nd2 20. f3 Nxf1
21. Rxf1 Bxf1 22. Qxf1 Kg7 23. Qf2 Rc8 24. b4 Qd6 25. Qb2 a5 26. bxa5 bxa5 27.
Qb7 Rc7 28. Qb8 Qc5 29. Kg2 Re7 30. a4 Rc7 31. h4 h5 32. Qe8 Qe7 33. Qb5 Qb4
34. Qe8 Re7 35. Qd8 Qd2+ 36. Kf1 Rb7 0-1

[Event "Chigorin Memorial"]
[Site "St Petersburg"]
[Date "2016.10.21"]
[Round "7.85"]
[White "Enkhbat, Tsendragchaa"]
[Black "Kuzmin, Egor"]
[Result "0-1"]
[WhiteElo "2113"]
[BlackElo "2259"]
[PlyCount "110"]
[EventDate "2016.10.15"]
[EventType "swiss"]
[EventRounds "9"]
[EventCountry "RUS"]

1. e4 c5 2. Nf3 d6 3. d4 cxd4 4. Nxd4 Nf6 5. Nc3 Nc6 6. Bg5 e6 7. Qd2 Be7 8.
O-O-O a6 9. f3 Nxd4 10. Qxd4 b5 11. e5 dxe5 12. Qxe5 Qb6 13. Be3 Qb8 14. Qxb8
Rxb8 15. Bd3 Bb7 16. Rhe1 O-O 17. Bf4 Rbd8 18. Kb1 b4 19. Ne4 Nd5 20. Bd2 a5
21. c4 bxc3 22. Nxc3 Nb4 23. Bc4 Rd4 24. b3 Nd3 25. Re2 Nb4 26. Be3 Rxd1+ 27.
Nxd1 Bc6 28. Nb2 Rc8 29. Bd2 Ra8 30. Nd3 Nxd3 31. Bxd3 Rd8 32. Bc4 a4 33. Bc3
Bg5 34. Kc2 axb3+ 35. Bxb3 Bf4 36. Be5 Bb5 37. Re1 Bd3+ 38. Kc3 Bxe5+ 39. Rxe5
Bf1 40. Rg5 Rd3+ 41. Kb4 h6 42. Rg4 Rd2 43. a4 Bxg2 44. Rxg2 Rxg2 45. a5 Rxh2
46. a6 Rd2 47. Ba4 Rd8 48. Bc6 Kf8 49. a7 Ke7 50. a8=Q Rxa8 51. Bxa8 Kf6 52.
Kc3 Kf5 53. Kd3 Kf4 54. Ke2 Kg3 55. Ke3 g5 0-1

[Event "Chigorin Memorial"]
[Site "St Petersburg"]
[Date "2016.10.21"]
[Round "7.86"]
[White "Ivanov, Sergei V"]
[Black "Mamyrbay, Assad"]
[Result "0-1"]
[WhiteElo "2093"]
[BlackElo "2246"]
[PlyCount "80"]
[EventDate "2016.10.15"]
[EventType "swiss"]
[EventRounds "9"]
[EventCountry "RUS"]

1. e4 e6 2. d4 d5 3. Nd2 c5 4. Ngf3 cxd4 5. Nxd4 Nc6 6. Bb5 Bd7 7. Nxc6 bxc6 8.
Bd3 Bd6 9. Qe2 Qc7 10. Nf3 dxe4 11. Qxe4 Nf6 12. Qh4 h6 13. O-O Rb8 14. a3 Ke7
15. g3 c5 16. Nd2 g5 17. Qc4 h5 18. Nf3 Bc6 19. Bxg5 Bxf3 20. Bxf6+ Kxf6 21.
Qh4+ Kg7 22. Qg5+ Kf8 23. Qf6 c4 24. Qxh8+ Ke7 25. Qg7 cxd3 26. Qg5+ Kf8 27.
cxd3 Qb7 28. Qe3 Qd5 29. b4 Be5 30. Rac1 Bd4 31. Qh6+ Kg8 32. Rfe1 Bh1 33. Re4
Bxe4 34. dxe4 Qe5 35. Re1 Rc8 36. Re2 Qb5 37. Rd2 Rc1+ 38. Kg2 Qf1+ 39. Kf3
Rc3+ 40. Kf4 Be3+ 0-1

[Event "Chigorin Memorial"]
[Site "St Petersburg"]
[Date "2016.10.21"]
[Round "7.87"]
[White "Ufimtsev, Egor"]
[Black "Stukalov, Alexander"]
[Result "1/2-1/2"]
[WhiteElo "2088"]
[BlackElo "2243"]
[PlyCount "83"]
[EventDate "2016.10.15"]
[EventType "swiss"]
[EventRounds "9"]
[EventCountry "RUS"]

1. Nf3 d6 2. d4 Nd7 3. c4 e5 4. Nc3 Be7 5. g3 Ngf6 6. Bg2 c6 7. O-O O-O 8. Qc2
Qc7 9. b3 Rb8 10. Bb2 b5 11. c5 b4 12. cxd6 Bxd6 13. dxe5 Nxe5 14. Nxe5 Bxe5
15. Na4 Ba6 16. Rac1 Rfe8 17. Qxc6 Qxc6 18. Rxc6 Bxe2 19. Bxe5 Rxe5 20. Re1
Rbe8 21. Rc5 R5e7 22. h3 h6 23. Nb2 a6 24. Nc4 Bd3 25. Rxe7 Rxe7 26. Ne3 Kh7
27. Bf1 Bxf1 28. Kxf1 Ne4 29. Ra5 Re6 30. Nd5 Rd6 31. Nxb4 Rd2 32. Rf5 a5 33.
Nc6 Rxa2 34. Nxa5 Kg6 35. Rf4 Nxg3+ 36. fxg3 Rxa5 37. Kg2 Rb5 38. b4 f5 39. Kf3
Kf6 40. g4 g6 41. gxf5 gxf5 42. Rc4 1/2-1/2

[Event "Chigorin Memorial"]
[Site "St Petersburg"]
[Date "2016.10.21"]
[Round "7.88"]
[White "Lavrinovitsh, Denis"]
[Black "Grinblat, Artemiy"]
[Result "0-1"]
[WhiteElo "2081"]
[BlackElo "2241"]
[PlyCount "82"]
[EventDate "2016.10.15"]
[EventType "swiss"]
[EventRounds "9"]
[EventCountry "RUS"]

1. e4 e6 2. d4 d5 3. Nd2 c5 4. Ngf3 cxd4 5. Nxd4 Nf6 6. Bb5+ Bd7 7. exd5 Nxd5
8. Bxd7+ Nxd7 9. O-O Bd6 10. Nc4 Bxh2+ 11. Kxh2 Qc7+ 12. Kg1 Qxc4 13. Qg4 N7f6
14. Qh4 O-O 15. c3 e5 16. Nf5 Qxh4 17. Nxh4 Rac8 18. Re1 Rfe8 19. Nf5 Re6 20.
Be3 g6 21. Ng3 Nxe3 22. Rxe3 Rd8 23. Rae1 Rd2 24. R1e2 Rxe2 25. Rxe2 Kg7 26. f3
h5 27. Rd2 Re7 28. Rd6 h4 29. Ne4 Nxe4 30. fxe4 Kh6 31. Kf2 Kg5 32. Kf3 f6 33.
Rd1 Rh7 34. Rh1 Rd7 35. Ke3 Kg4 36. Ke2 f5 37. Ke3 f4+ 38. Ke2 Kg3 39. Rh3+
Kxg2 40. Rxh4 f3+ 41. Ke3 f2 0-1

[Event "Chigorin Memorial"]
[Site "St Petersburg"]
[Date "2016.10.21"]
[Round "7.89"]
[White "Bimiev, Ahmad"]
[Black "Chernyak, Viktoria"]
[Result "1/2-1/2"]
[WhiteElo "2076"]
[BlackElo "2238"]
[PlyCount "80"]
[EventDate "2016.10.15"]
[EventType "swiss"]
[EventRounds "9"]
[EventCountry "RUS"]

1. c4 Nf6 2. g3 e5 3. Bg2 d5 4. cxd5 Nxd5 5. Nc3 Nb6 6. Nf3 Nc6 7. O-O Be7 8.
d3 O-O 9. a3 Re8 10. b4 Bf8 11. Bb2 Rb8 12. Rc1 Be6 13. Na4 Nd4 14. Nc5 Bxc5
15. bxc5 Bb3 16. cxb6 Bxd1 17. bxc7 Nxe2+ 18. Kh1 Nxc1 19. cxd8=Q Rbxd8 20.
Bxc1 Be2 21. Re1 Bxd3 22. Nxe5 Ba6 23. Bb2 f6 24. Nf3 Rxe1+ 25. Nxe1 Rd2 26.
Bc3 Rxf2 27. Kg1 Re2 28. Bf3 Re7 29. Kf2 Rc7 30. Bb4 g6 31. Bd5+ Kg7 32. Nf3
Bc4 33. Be4 Rd7 34. Ke3 Bd5 35. Bc2 Bxf3 36. Kxf3 Rc7 37. Bd3 h5 38. h4 Rc1 39.
Be4 b6 40. Bd6 Rd1 1/2-1/2

[Event "Chigorin Memorial"]
[Site "St Petersburg"]
[Date "2016.10.21"]
[Round "7.90"]
[White "Siagodnik, Anton"]
[Black "Kamnev, Alexander"]
[Result "1-0"]
[WhiteElo "2235"]
[BlackElo "2073"]
[PlyCount "65"]
[EventDate "2016.10.15"]
[EventType "swiss"]
[EventRounds "9"]
[EventCountry "RUS"]

1. Nf3 Nf6 2. g3 e6 3. Bg2 d5 4. O-O Be7 5. d4 O-O 6. c4 dxc4 7. Qc2 a6 8. a4
Nbd7 9. Nbd2 Nb6 10. a5 Nbd5 11. Nxc4 b5 12. Nce5 Nb4 13. Qb3 Bb7 14. Bd2 Bd5
15. Qd1 Rc8 16. Rc1 c6 17. Qe1 Na2 18. Ra1 b4 19. b3 Bxb3 20. Qb1 Bd5 21. Rxa2
Bxa2 22. Qxa2 Qd5 23. Qa1 Qb5 24. Nd3 c5 25. Rb1 Ne4 26. Be1 b3 27. Nfe5 f5 28.
Qa3 Rb8 29. f3 Rfe8 30. fxe4 cxd4 31. Qb2 Bf6 32. Qxd4 fxe4 33. Qxe4 1-0

[Event "Chigorin Memorial"]
[Site "St Petersburg"]
[Date "2016.10.21"]
[Round "7.91"]
[White "Markovic, Vojislav"]
[Black "Gorbatenko, Alexander"]
[Result "1-0"]
[WhiteElo "2233"]
[BlackElo "2067"]
[PlyCount "91"]
[EventDate "2016.10.15"]
[EventType "swiss"]
[EventRounds "9"]
[EventCountry "RUS"]

1. Nf3 c5 2. b3 Nc6 3. Bb2 d6 4. d4 cxd4 5. Nxd4 Nf6 6. g3 Bd7 7. Bg2 e6 8. c4
Be7 9. O-O Nxd4 10. Qxd4 Bc6 11. e4 O-O 12. Nc3 b6 13. Rfd1 Qb8 14. Rd2 Qb7 15.
Rad1 Rfd8 16. a4 a6 17. h3 Rab8 18. Kh2 e5 19. Qe3 b5 20. axb5 axb5 21. c5 dxc5
22. Rxd8+ Bxd8 23. Qxc5 Nxe4 24. Nxe4 Bxe4 25. Qd6 f5 26. Bxe4 fxe4 27. Bxe5
Ra8 28. Bf4 Bf6 29. Qe6+ Qf7 30. Qxe4 Ra2 31. Be3 h6 32. Rc1 Qd7 33. Rc6 Bd8
34. Re6 Kf7 35. Qf5+ Kg8 36. Qg4 Bf6 37. Qe4 Kf7 38. Rb6 Ra7 39. Bc5 Rc7 40. b4
Kg8 41. Rd6 Qf7 42. Re6 Rc8 43. Rb6 Qc4 44. Qf5 Rd8 45. Rxf6 gxf6 46. Qg6+ 1-0

[Event "Chigorin Memorial"]
[Site "St Petersburg"]
[Date "2016.10.21"]
[Round "7.92"]
[White "Saidov, Bilukhadzh"]
[Black "Kolesnikova, Kristina"]
[Result "1/2-1/2"]
[WhiteElo "2230"]
[BlackElo "2012"]
[PlyCount "104"]
[EventDate "2016.10.15"]
[EventType "swiss"]
[EventRounds "9"]
[EventCountry "RUS"]

1. d4 Nf6 2. c4 e6 3. Nc3 b6 4. Nf3 Bb7 5. a3 c5 6. d5 d6 7. e4 Be7 8. Bd3 O-O
9. O-O Bc8 10. dxe6 Bxe6 11. Nd5 Bg4 12. Nxf6+ gxf6 13. h3 Bh5 14. e5 fxe5 15.
Be4 Nd7 16. Bxa8 Qxa8 17. Qa4 Rd8 18. Nh2 Kh8 19. f3 Nf8 20. Be3 Ne6 21. Kh1 f5
22. Rad1 f4 23. Bg1 Ng7 24. Qc2 Qc8 25. Rfe1 Nf5 26. Bf2 Qe6 27. Qe4 Bf7 28. b3
Rg8 29. Qb7 Qg6 30. Rg1 Be6 31. Qxa7 Qh5 32. Ng4 Bh4 33. Qxb6 Bxf2 34. Nxf2 Qh4
35. Ng4 e4 36. fxe4 Ng3+ 37. Kh2 Bxg4 38. Qxd6 Bxd1 39. Qe5+ Rg7 40. Qe8+ Rg8
41. Qe5+ Rg7 42. Rxd1 Ne2 43. Qe8+ Rg8 44. Qe5+ Rg7 45. Qe8+ Rg8 46. Qe5+ Rg7
47. Rd3 Nd4 48. Qb8+ Rg8 49. Qe5+ Rg7 50. Qe8+ Rg8 51. Qe5+ Rg7 52. Qe8+ Rg8
1/2-1/2

[Event "Chigorin Memorial"]
[Site "St Petersburg"]
[Date "2016.10.21"]
[Round "7.93"]
[White "Artamonov, Valery"]
[Black "Tsaruk, Maksim"]
[Result "0-1"]
[WhiteElo "2223"]
[BlackElo "2003"]
[PlyCount "102"]
[EventDate "2016.10.15"]
[EventType "swiss"]
[EventRounds "9"]
[EventCountry "RUS"]

1. Nf3 Nf6 2. b3 b6 3. Bb2 Bb7 4. c4 e6 5. g3 Be7 6. Bg2 O-O 7. O-O d5 8. Qc2
dxc4 9. Ng5 Bxg2 10. Bxf6 g6 11. Nxe6 fxe6 12. Bxe7 cxb3 13. axb3 Qxe7 14. Kxg2
c5 15. Nc3 Nc6 16. Qe4 Na5 17. Rab1 Rad8 18. d3 Rd4 19. Qe3 Qf7 20. Ne4 Rb4 21.
Nd2 Qb7+ 22. f3 Qd5 23. Rfc1 e5 24. h4 Rf5 25. h5 Rxh5 26. Ne4 Rf5 27. Qh6 Qd7
28. g4 Rf7 29. g5 Nxb3 30. Rh1 Rxe4 31. dxe4 c4 32. Rhd1 Qc7 33. Qh3 Nd4 34.
Kf1 c3 35. Rd3 c2 36. Rc1 b5 37. Qg3 b4 38. Qe1 Qc4 39. Qd2 Rc7 40. Kg2 b3 41.
Qa5 b2 42. Rxc2 Qxc2 43. Rxd4 exd4 44. Qd5+ Kg7 45. Qxd4+ Kf7 46. Qd5+ Ke7 47.
Qe5+ Kd8 48. Qd5+ Rd7 49. Qa5+ Qc7 50. Qa3 Qb6 51. Qf8+ Kc7 0-1

[Event "Chigorin Memorial"]
[Site "St Petersburg"]
[Date "2016.10.21"]
[Round "7.94"]
[White "Volkov, Roman"]
[Black "Orlov, Konstantin"]
[Result "1-0"]
[WhiteElo "2067"]
[BlackElo "2222"]
[PlyCount "109"]
[EventDate "2016.10.15"]
[EventType "swiss"]
[EventRounds "9"]
[EventCountry "RUS"]

1. e4 c5 2. Nf3 d6 3. d4 cxd4 4. Nxd4 Nf6 5. Nc3 a6 6. g3 g6 7. h3 Bg7 8. Bg2
O-O 9. O-O Qc7 10. Be3 Nc6 11. a4 Bd7 12. Nxc6 bxc6 13. a5 Rab8 14. Bb6 Qc8 15.
Kh2 Be6 16. Na4 Nd7 17. Bd4 Bxd4 18. Qxd4 c5 19. Qd2 Qc7 20. b3 Rfc8 21. f4 f6
22. Nc3 c4 23. b4 Bf7 24. Nd5 Bxd5 25. Qxd5+ Kg7 26. c3 Rb5 27. Qd2 Nf8 28.
Rad1 g5 29. e5 dxe5 30. fxg5 e4 31. gxf6+ exf6 32. Bxe4 Re8 33. Qf2 Re6 34. Bd5
Rd6 35. Bxc4 Rg5 36. Rxd6 Qxd6 37. Qf4 Re5 38. Qg4+ Rg5 39. Qf4 Re5 40. Qd4 Qe7
41. Bxa6 Ne6 42. Qg4+ Rg5 43. Qf3 Nc7 44. Bc4 Ne8 45. a6 Nd6 46. Bd3 f5 47. c4
Ne4 48. Bxe4 fxe4 49. Qe3 Rg6 50. b5 Rd6 51. a7 Rd3 52. Qxd3 exd3 53. a8=Q d2
54. Qa1+ Kg8 55. Qd1 1-0

[Event "Chigorin Memorial"]
[Site "St Petersburg"]
[Date "2016.10.21"]
[Round "7.95"]
[White "Tsapalin, Sergey"]
[Black "Nebolsina, Vera"]
[Result "0-1"]
[WhiteElo "2060"]
[BlackElo "2219"]
[PlyCount "98"]
[EventDate "2016.10.15"]
[EventType "swiss"]
[EventRounds "9"]
[EventCountry "RUS"]

1. d4 f5 2. c4 Nf6 3. Nc3 d6 4. Qc2 g6 5. Nf3 Bg7 6. g3 c6 7. Bg2 a5 8. b3 Na6
9. a3 Bd7 10. Bb2 O-O 11. O-O b5 12. Rad1 Rb8 13. cxb5 cxb5 14. d5 Rc8 15. Qb1
Nc5 16. Nd4 b4 17. axb4 axb4 18. Na2 Qa5 19. Nc1 Nce4 20. Bxe4 fxe4 21. Ne6
Bxe6 22. dxe6 Qf5 23. Na2 Rb8 24. f3 Qxe6 25. Bxf6 Bxf6 26. Qxe4 Qxb3 27. Nc1
Qc3 28. Rd3 Qe5 29. Qxe5 Bxe5 30. Rb3 Bd4+ 31. Kg2 Rf5 32. Rd1 Ba7 33. Nd3 Rfb5
34. e4 Kf7 35. h4 Bd4 36. Nf4 Bc5 37. Nd3 e5 38. f4 Bd4 39. Rdb1 Bc3 40. Nc1
Ke6 41. Ne2 Kd7 42. Kf3 Rc8 43. Nxc3 Rxc3+ 44. Rxc3 bxc3 45. Rc1 Rc5 46. Ke3 c2
47. fxe5 dxe5 48. Kd3 Kc6 49. g4 Kb5 0-1

[Event "Chigorin Memorial"]
[Site "St Petersburg"]
[Date "2016.10.21"]
[Round "7.96"]
[White "Korobitsyn, Daniil"]
[Black "Badelka, Olga"]
[Result "0-1"]
[WhiteElo "2028"]
[BlackElo "2209"]
[PlyCount "60"]
[EventDate "2016.10.15"]
[EventType "swiss"]
[EventRounds "9"]
[EventCountry "RUS"]

1. e4 c5 2. Nf3 Nc6 3. d4 cxd4 4. Nxd4 Qb6 5. Nb3 Nf6 6. Nc3 e6 7. Bd3 a6 8.
O-O d6 9. Be3 Qc7 10. f4 b5 11. Qf3 Bb7 12. Qg3 h5 13. f5 h4 14. Qh3 e5 15. Bg5
Nb4 16. Rac1 Be7 17. a3 Nxd3 18. cxd3 Qd8 19. d4 exd4 20. Nxd4 Kf8 21. Kh1 Kg8
22. Rce1 Rc8 23. Nf3 Nh5 24. Qxh4 Bxg5 25. Nxg5 Rh6 26. e5 Rc4 27. Qf2 Qxg5 28.
Kg1 Nf4 29. Qg3 Qxg3 30. hxg3 Nd3 0-1